1/Devine le pays grâce aux indices. - Statistiques

Statistiques générales
  • Ce quiz a été pris 39 fois
  • Le résultat moyen est 2 sur 5
Statistiques - réponses
Hint Réponse % Correct
Se trouve en AfriqueLe dirigeant est un roi Est frontalier à l'Atlantique Maroc
82%
Est composé de plusieurs îlesSe trouve dans les Caraïbes Contient un H dans son nom Bahamas
43%
Son nom est composé de 2 motsSe situe en Europe Touche la mer Adriatique Bosnie-Herzégovine
43%
La capitale compte 10 lettresSe trouve en dessous de l'équateur A une superficie moins élevée que celle de la france Uruguay
11%
A une capitale en deux motsSe trouve plus au sud que l'Egypte Contient un Y dans son nom anglais Malaisie
7%
Aucun quiz correspondant
Distribution des résultats
% des personnes avec chaque résultat
Percentile par nombre de réponses
Votre historique - résultats
Vous n’avez pas pris ce quiz